[Event "57.C.to Provinciale RM ITA"]
[Site "Roma ITA"]
[Date "1997.10.26"]
[Round "6.18"]
[White "Bonaposta, Fabrizio"]
[Black "Elia, Alessio"]
[Result "0-1"]
[WhiteElo "1200"]
[BlackElo "1600"]
[Annotator "Gabriele Ballarin"]
[PlyCount "80"]
[EventDate "1997.10.23"]
[EventType "swiss"]
[EventRounds "6"]
[EventCountry "ITA"]

1. e4 d6 2. d4 Nf6 3. Nc3 g6 4. h4 Bg7 5. f3 h5 6. Be3 Nc6 7. Qd2 e6 8. O-O-O Nd7 9. Bc4 Ne7 10. Nge2 c6 11. d5 cxd5 12. exd5 e5 13. Ne4 Nb6 14. Bb3 Nf5 15. Kb1 Nxe3 16. Qxe3 Bh6 17. Qd3 O-O 18. N2c3 f5 19. Nf2 Nd7 20. g4 Nc5 21. Qe2 hxg4 22. fxg4 f4 23. Qf3 Bd7 24. g5 Bg7 25. h5 Bf5 26. hxg6 Qxg5 27. Rdg1 Qf6 28. Qh5 Rfe8 29. Ng4 Bxg4 30. Rxg4 e4 31. Rg5 Re5 32. Rxe5 Qxe5 33. Qxe5 Bxe5 34. Bc4 Rf8 35. Kc1 e3 36. Rh7 Bg7 37. Kd1 f3 38. Ke1 Bxc3+ 39. bxc3 Ne4 40. Rxb7 Nxc3 0-1

[Event "57.C.to Provinciale RM ITA"]
[Site "Roma ITA"]
[Date "1997.10.26"]
[Round "6.22"]
[White "Calabrini, Alessandro"]
[Black "Piccioni, Marco"]
[Result "0-1"]
[WhiteElo "1400"]
[BlackElo "1651"]
[Annotator "Gabriele Ballarin"]
[PlyCount "68"]
[EventDate "1997.10.23"]
[EventType "swiss"]
[EventRounds "6"]
[EventCountry "ITA"]

1. e4 e5 2. Bc4 Nc6 3. Nf3 Nf6 4. d3 d6 5. Ng5 d5 6. exd5 Nd4 7. d6 Qxd6 8. Nxf7 Qc6 9. O-O b5 10. Nxe5 Qb6 11. Re1 Be6 12. Bxe6 Nxe6 13. Be3 c5 14. Nc3 Bd6 15. Ng4 O-O-O 16. Nxf6 gxf6 17. Qg4 Kb8 18. g3 Ng5 19. Ne4 Nxe4 20. dxe4 Be5 21. c3 h5 22. Qf5 h4 23. Bf4 hxg3 24. Bxe5+ fxe5 25. Qxe5+ Ka8 26. fxg3 c4+ 27. Kg2 Rd2+ 28. Kf3 Qf2+ 29. Kg4 Rg8+ 30. Qg5 Rxg5+ 31. Kxg5 Qxh2 32. g4 Qe5+ 33. Kg6 Rd6+ 34. Kh7 Qe7+ 0-1

[Event "57.C.to Provinciale RM ITA"]
[Site "Roma ITA"]
[Date "1997.10.26"]
[Round "6.23"]
[White "D'Amico, Roberto"]
[Black "Vannelli, Vittorio"]
[Result "0-1"]
[WhiteElo "1400"]
[BlackElo "1636"]
[Annotator "Gabriele Ballarin"]
[PlyCount "48"]
[EventDate "1997.10.23"]
[EventType "swiss"]
[EventRounds "6"]
[EventCountry "ITA"]

1. e4 c5 2. Nf3 d6 3. d4 cxd4 4. Nxd4 Nf6 5. Nc3 a6 6. Be3 Ng4 7. Bg5 h6 8. Bh4 g5 9. Bg3 Bg7 10. f3 Ne3 11. Qd3 Bxd4 12. Bf2 Qb6 13. Bxe3 Bxe3 14. Na4 Qd4 15. Qxd4 Bxd4 16. O-O-O Be3+ 17. Kb1 Nc6 18. Bc4 Bd7 19. Bd5 e6 20. Rhe1 Ba7 21. Nc3 exd5 22. Nxd5 O-O-O 23. Rd3 Be6 24. Rc3 Kb8 0-1

[Event "57.C.to Provinciale RM ITA"]
[Site "Roma ITA"]
[Date "1997.10.26"]
[Round "6.25"]
[White "Trifoni, Giorgio"]
[Black "Celletti, Luca"]
[Result "0-1"]
[WhiteElo "1200"]
[BlackElo "1600"]
[Annotator "Gabriele Ballarin"]
[PlyCount "84"]
[EventDate "1997.10.23"]
[EventType "swiss"]
[EventRounds "6"]
[EventCountry "ITA"]

1. e4 e5 2. Nf3 Nc6 3. Bc4 Bc5 4. Nc3 Nf6 5. d3 d6 6. Bg5 Na5 7. Nd5 Nxc4 8. Bxf6 gxf6 9. dxc4 c6 10. b4 cxd5 11. bxc5 dxe4 12. Nd2 f5 13. cxd6 Qxd6 14. O-O Be6 15. Qe2 h5 16. Rfd1 Qc6 17. a4 h4 18. h3 Rg8 19. c5 O-O-O 20. Qb5 Bd5 21. Qxc6+ Bxc6 22. Nc4 Rxd1+ 23. Rxd1 Bxa4 24. Rd2 Rd8 25. Nd6+ Kc7 26. Rd5 f6 27. c4 Kc6 28. Nxe4 Rxd5 29. cxd5+ Kxd5 30. Nc3+ Kxc5 31. Nxa4+ Kb4 32. g3 hxg3 33. fxg3 Kxa4 34. h4 b5 35. h5 b4 36. h6 b3 37. h7 b2 38. h8=Q b1=Q+ 39. Kh2 a5 40. Qxf6 Qc2+ 41. Kh3 Qe4 42. Qd6 Qh1# 0-1

[Event "57.C.to Provinciale RM ITA"]
[Site "Roma ITA"]
[Date "1997.10.26"]
[Round "6.26"]
[White "Clifford, Roby"]
[Black "D'Agostini, Rodolfo"]
[Result "0-1"]
[WhiteElo "1400"]
[BlackElo "1200"]
[Annotator "Gabriele Ballarin"]
[PlyCount "42"]
[EventDate "1997.10.23"]
[EventType "swiss"]
[EventRounds "6"]
[EventCountry "ITA"]

1. e4 e6 2. d4 d5 3. Nd2 c5 4. exd5 exd5 5. Ngf3 Nf6 6. Bb5+ Nc6 7. O-O Be7 8. Ne5 Qd6 9. Ndf3 O-O 10. Bf4 Nxe5 11. Bxe5 Qb6 12. Be2 Re8 13. Ng5 Nd7 14. Nxf7 Kxf7 15. Bxg7 Kxg7 16. Bh5 Nf6 17. Bxe8 Nxe8 18. Re1 Qd6 19. Qe2 Kf8 20. Qf3+ Nf6 21. Re2 Bg4 0-1

[Event "57.C.to Provinciale RM ITA"]
[Site "Roma ITA"]
[Date "1997.10.26"]
[Round "6.27"]
[White "Pomponi, Claudio"]
[Black "Patarca, Piero"]
[Result "1-0"]
[WhiteElo "1200"]
[BlackElo "1200"]
[Annotator "Gabriele Ballarin"]
[PlyCount "87"]
[EventDate "1997.10.23"]
[EventType "swiss"]
[EventRounds "6"]
[EventCountry "ITA"]

1. f4 d5 2. Nf3 Nc6 3. e3 g6 4. d4 Bg7 5. Bd3 Bg4 6. O-O Qd7 7. Bd2 O-O-O 8. Be1 Nf6 9. Nbd2 Ne4 10. Nxe4 dxe4 11. Bxe4 e5 12. Bxc6 Qxc6 13. Nxe5 Bxd1 14. Nxc6 bxc6 15. Rxd1 c5 16. Bc3 cxd4 17. Bxd4 Bxd4 18. Rxd4 Rxd4 19. exd4 Re8 20. c3 Kd7 21. Kf2 Kd6 22. Rd1 f5 23. Rd3 Kd5 24. Re3 Re4 25. Kf3 h6 26. g3 g5 27. fxg5 Rxe3+ 28. Kxe3 hxg5 29. h3 Ke6 30. c4 c6 31. b4 a6 32. Kf3 Kf6 33. h4 Kg6 34. d5 g4+ 35. Kf4 cxd5 36. cxd5 Kf6 37. a4 Ke7 38. h5 Kf6 39. h6 Kg6 40. d6 Kxh6 41. Kxf5 Kh5 42. Kf6 Kh6 43. d7 Kh5 44. d8=Q 1-0

[Event "57.C.to Provinciale RM ITA"]
[Site "Roma ITA"]
[Date "1997.10.26"]
[Round "6.28"]
[White "Franceschi, Riccardo"]
[Black "Quattrone, Luca"]
[Result "1/2-1/2"]
[WhiteElo "1836"]
[BlackElo "1200"]
[Annotator "Gabriele Ballarin"]
[PlyCount "83"]
[EventDate "1997.10.23"]
[EventType "swiss"]
[EventRounds "6"]
[EventCountry "ITA"]

1. e4 d6 2. Nf3 g6 3. d4 Bg7 4. Bb5+ Nd7 5. O-O Ngf6 6. e5 Ne4 7. Nbd2 Nxd2 8. Bxd2 dxe5 9. Bxd7+ Bxd7 10. Nxe5 O-O 11. Nxd7 Qxd7 12. c3 f5 13. Qb3+ e6 14. Rfe1 Qd5 15. Qxd5 exd5 16. Re7 Rf7 17. Rae1 Bf6 18. Re8+ Rxe8 19. Rxe8+ Kg7 20. Bf4 c6 21. Be5 Bxe5 22. Rxe5 Kf6 23. f4 Re7 24. h4 a5 25. Kf2 b5 26. Ke3 Re6 27. Kd2 Re7 28. a3 Re6 29. b3 Kf7 30. Kd3 Ke7 31. c4 dxc4+ 32. bxc4 b4 33. Rxe6+ Kxe6 34. axb4 axb4 35. Kc2 Kd6 36. Kb3 c5 37. d5 Kc7 38. Kb2 Kb6 39. Ka2 h6 40. Kb3 h5 41. Ka4 Kc7 42. Kb3 1/2-1/2

[Event "57.C.to Provinciale RM ITA"]
[Site "Roma ITA"]
[Date "1997.10.26"]
[Round "6.31"]
[White "Procaccini, Luciano"]
[Black "Tamburrini, Andrea"]
[Result "1-0"]
[WhiteElo "1400"]
[BlackElo "1200"]
[Annotator "Gabriele Ballarin"]
[PlyCount "41"]
[EventDate "1997.10.23"]
[EventType "swiss"]
[EventRounds "6"]
[EventCountry "ITA"]

1. Nf3 d5 2. b4 b6 3. Bb2 Nf6 4. e3 Bb7 5. c4 Qd7 6. d4 e6 7. a3 Bd6 8. c5 bxc5 9. bxc5 Be7 10. Nc3 Nc6 11. Bb5 O-O 12. Ne5 Qe8 13. Qa4 Nd7 14. Nxc6 f6 15. Nxe7+ Qxe7 16. Bxd7 Bc8 17. Bxc8 Rfxc8 18. O-O c6 19. Ne2 a5 20. Bc3 Qc7 21. Rab1 1-0

[Event "57..ITA Provinciale VE"]
[Site "Mestre"]
[Date "1997.11.28"]
[Round "1.1"]
[White "Friselle, Mirko"]
[Black "Rocchi, Riccardo"]
[Result "1-0"]
[WhiteElo "1604"]
[BlackElo "1600"]
[Annotator "Gabriele Ballarin"]
[PlyCount "77"]
[EventDate "1997.11.28"]
[EventType "swiss"]
[EventRounds "5"]
[EventCountry "ITA"]
[SourceTitle "EXT 2001"]
[Source "ChessBase"]
[SourceDate "2000.11.22"]
[SourceVersion "1"]
[SourceVersionDate "2000.11.22"]
[SourceQuality "1"]

1. e4 d6 2. d4 g6 3. Nc3 Bg7 4. Be3 Nf6 5. f3 O-O 6. Qd2 Nc6 7. O-O-O e5 8. d5 Nd4 9. Nge2 c5 10. dxc6 bxc6 11. Nxd4 exd4 12. Bxd4 Be6 13. g4 Qa5 14. g5 Nh5 15. Bxg7 Nxg7 16. b3 Qa3+ 17. Kb1 Rfd8 18. Qd4 d5 19. Na4 Kf8 20. Qc5+ Qxc5 21. Nxc5 dxe4 22. Rxd8+ Rxd8 23. Nxe4 Rd1+ 24. Kb2 Bh3 25. Ng3 Bxf1 26. Rxf1 Rxf1 27. Nxf1 Ne6 28. h4 Nd4 29. Nd2 Nf5 30. Kc3 Nxh4 31. Kd4 Ke7 32. Ke5 Nf5 33. c4 Nd6 34. Ne4 Nxe4 35. fxe4 f6+ 36. gxf6+ Kf7 37. Kd6 h5 38. e5 h4 39. e6+ 1-0

[Event "57..ITA Provinciale VE"]
[Site "Mestre"]
[Date "1997.11.28"]
[Round "1.2"]
[White "Cherin, Dario"]
[Black "Caprini, Giuliano"]
[Result "1-0"]
[WhiteElo "1400"]
[BlackElo "1200"]
[Annotator "Gabriele Ballarin"]
[PlyCount "83"]
[EventDate "1997.11.28"]
[EventType "swiss"]
[EventRounds "5"]
[EventCountry "ITA"]
[SourceTitle "EXT 2001"]
[Source "ChessBase"]
[SourceDate "2000.11.22"]
[SourceVersion "1"]
[SourceVersionDate "2000.11.22"]
[SourceQuality "1"]

1. e4 e5 2. Nf3 Nc6 3. d4 exd4 4. Nxd4 Nf6 5. Nxc6 bxc6 6. Nc3 Bc5 7. Be2 d6 8. e5 Nd7 9. exd6 cxd6 10. Ne4 Qc7 11. O-O O-O 12. Bf4 Ne5 13. Nxc5 dxc5 14. Qd2 Re8 15. Qc3 Qe7 16. Qxe5 Qxe5 17. Bxe5 Rxe5 18. Bf3 Bb7 19. Rfe1 Rae8 20. Rxe5 Rxe5 21. c4 g6 22. Kf1 a5 23. Rd1 Kg7 24. Rd7 Bc8 25. Ra7 Be6 26. b3 Bf5 27. g4 Bd3+ 28. Kg2 Re1 29. Rxa5 Bf1+ 30. Kg3 Be2 31. Bxc6 Rg1+ 32. Kf4 Bxg4 33. Rxc5 Bf5 34. a4 Rb1 35. Rb5 Bc2 36. a5 Ra1 37. b4 Rd1 38. Rd5 Re1 39. Rd4 Re6 40. b5 Rf6+ 41. Kg3 h5 42. a6 1-0

[Event "57..ITA Provinciale VE"]
[Site "Mestre"]
[Date "1997.11.28"]
[Round "1.4"]
[White "Vianello, Enrico"]
[Black "Velluti, Alberto"]
[Result "1-0"]
[WhiteElo "1591"]
[BlackElo "1400"]
[Annotator "Gabriele Ballarin"]
[PlyCount "93"]
[EventDate "1997.11.28"]
[EventType "swiss"]
[EventRounds "5"]
[EventCountry "ITA"]
[SourceTitle "EXT 2001"]
[Source "ChessBase"]
[SourceDate "2000.11.22"]
[SourceVersion "1"]
[SourceVersionDate "2000.11.22"]
[SourceQuality "1"]

1. c4 e5 2. Nc3 Nf6 3. g3 Nc6 4. Bg2 b6 5. Nf3 Bb7 6. a3 Be7 7. Nxe5 Nxe5 8. Bxb7 Rb8 9. Bg2 O-O 10. b3 c6 11. d4 Ng6 12. d5 Qc7 13. e4 Bc5 14. b4 Be7 15. Qb3 Rfe8 16. O-O Ng4 17. Rd1 Bd6 18. h3 Nxf2 19. Kxf2 Bxg3+ 20. Kg1 Qe5 21. Ne2 Bh2+ 22. Kh1 Nh4 23. Bb2 Qc7 24. Qd3 Be5 25. d6 Qd8 26. Bxe5 Rxe5 27. Qg3 Qf6 28. Rf1 Qg5 29. Rf4 Nxg2 30. Rg4 Qf6 31. Qxg2 Rxe4 32. Rf1 Rxg4 33. hxg4 Qxd6 34. Qf3 Qe7 35. Ng3 Re8 36. Rd1 g6 37. Rf1 a6 38. Kh2 Qh4+ 39. Kg2 Qe7 40. Rf2 Qf8 41. Qd3 Re7 42. Ne4 Qh6 43. Nf6+ Kh8 44. Nxd7 Qh4 45. Qd4+ Kg8 46. Nf6+ Kf8 47. Qd8+ 1-0

[Event "57..ITA Provinciale VE"]
[Site "Mestre"]
[Date "1997.11.28"]
[Round "1.5"]
[White "Vianello, Giuseppe"]
[Black "Ruaro, Luca"]
[Result "0-1"]
[WhiteElo "1570"]
[BlackElo "1600"]
[Annotator "Gabriele Ballarin"]
[PlyCount "95"]
[EventDate "1997.11.28"]
[EventType "swiss"]
[EventRounds "5"]
[EventCountry "ITA"]
[SourceTitle "EXT 2001"]
[Source "ChessBase"]
[SourceDate "2000.11.22"]
[SourceVersion "1"]
[SourceVersionDate "2000.11.22"]
[SourceQuality "1"]

{[%evp 0,92,16,28,79,69,75,57,57,58,58,58,85,79,101,39,41,65,41,27,33,33,16,12,28,14,14,-6,28,19,71,50,144,32,40,-9,37,13,19,-51,92,86,58,42,52,-51,38,-8,15,-7,68,41,47,40,44,-79,-26,-32,-32,-137,-156,-129,-121,-199,-146,-182,-133,-505,-505,-502,-547,-581,-604,-604,-547,-609,-646,-646,-599,-666,-680,-682,-695,-708,-709,-728,-715,-718,-722,-742,-722,-748,-757,-757,-716]} 1. e4 c6 2. d4 d5 3. e5 Bf5 4. Bd3 Bxd3 5. Qxd3 Qa5+ 6. Bd2 Qa6 7. Qg3 e6 8. Nc3 Ne7 9. Nge2 Nf5 10. Qf4 Nd7 11. Ng3 Nxg3 12. fxg3 Bb4 13. Rf1 O-O-O 14. a3 Ba5 15. O-O-O h6 16. Rf3 Rhf8 17. Qg4 g5 18. Rdf1 c5 19. Rxf7 Rxf7 20. Rxf7 cxd4 21. Qxd4 Bb6 22. Qd3 Qxd3 23. cxd3 Nxe5 24. Rf6 Nxd3+ 25. Kc2 Nc5 26. Rxh6 d4 27. Na2 d3+ 28. Kd1 Rf8 29. Nb4 Rf1+ 30. Be1 a5 31. Na2 Kd7 32. b4 axb4 33. axb4 Ne4 34. Rh7+ Kd6 35. Nc3 Nxc3+ 36. Kd2 Nd5 37. h4 Be3+ 38. Kxd3 Rxe1 39. hxg5 Bxg5 40. Rxb7 Re3+ 41. Kc2 Rxg3 42. b5 Rxg2+ 43. Kd3 Rd2+ 44. Kc4 Rb2 45. Rb8 Rb4+ 46. Kd3 Kc5 47. Re8 Rxb5 48. Ke4 0-1

[Event "57..ITA Provinciale VE"]
[Site "Mestre"]
[Date "1997.11.28"]
[Round "1.7"]
[White "Viola, Matteo"]
[Black "Del Monaco, Andrea"]
[Result "1/2-1/2"]
[WhiteElo "1844"]
[BlackElo "1766"]
[Annotator "Gabriele Ballarin"]
[PlyCount "29"]
[EventDate "1997.11.28"]
[EventType "swiss"]
[EventRounds "5"]
[EventCountry "ITA"]

{[%evp 0,28,46,25,26,31,31,9,70,48,27,-1,11,19,24,-5,46,8,25,35,79,51,68,-83,0,0,0,0,0,-31,0]} 1. e4 e5 2. Nf3 Nf6 3. Nxe5 d6 4. Nf3 Nxe4 5. d4 d5 6. Bd3 Bd6 7. O-O O-O 8. Re1 f5 9. c4 c6 10. Nc3 Be6 11. Nd2 Bxh2+ 12. Kxh2 Qh4+ 13. Kg1 Qxf2+ 14. Kh1 Qh4+ 15. Kg1 1/2-1/2

[Event "57..ITA Provinciale VE"]
[Site "Mestre"]
[Date "1997.11.28"]
[Round "1.8"]
[White "Maccapan, Fabio"]
[Black "Vastano, Ciro"]
[Result "1-0"]
[WhiteElo "1837"]
[BlackElo "1200"]
[Annotator "Gabriele Ballarin"]
[PlyCount "69"]
[EventDate "1997.11.28"]
[EventType "swiss"]
[EventRounds "5"]
[EventCountry "ITA"]
[SourceTitle "EXT 2001"]
[Source "ChessBase"]
[SourceDate "2000.11.22"]
[SourceVersion "1"]
[SourceVersionDate "2000.11.22"]
[SourceQuality "1"]

1. c4 c5 2. Nc3 Nf6 3. e4 e5 4. g3 Nc6 5. Bg2 d6 6. Nge2 Bg4 7. f3 Be6 8. Nd5 Be7 9. d3 O-O 10. Rb1 Qa5+ 11. Bd2 Qxa2 12. O-O b6 13. Bc3 Qa6 14. Nc7 Qb7 15. Nxa8 Qxa8 16. Ra1 Nd7 17. f4 f6 18. f5 Bf7 19. Bd2 Nb4 20. Bxb4 cxb4 21. Qa4 Be8 22. Qxa7 Qc8 23. Kh1 Bd8 24. Qa8 Nb8 25. Qd5+ Rf7 26. Ra7 b5 27. Rxf7 Bxf7 28. Qxb5 Nc6 29. Ra1 Ba5 30. Nc1 Be8 31. Qd5+ Kh8 32. Nb3 Qa8 33. Rxa5 Qb7 34. Qxd6 Qb6 35. Qf8# 1-0

[Event "57..ITA Provinciale VE"]
[Site "Mestre"]
[Date "1997.11.29"]
[Round "2.1"]
[White "Friselle, Mirko"]
[Black "Maccapan, Fabio"]
[Result "1/2-1/2"]
[WhiteElo "1604"]
[BlackElo "1837"]
[Annotator "Gabriele Ballarin"]
[PlyCount "89"]
[EventDate "1997.11.28"]
[EventType "swiss"]
[EventRounds "5"]
[EventCountry "ITA"]
[SourceTitle "EXT 2001"]
[Source "ChessBase"]
[SourceDate "2000.11.22"]
[SourceVersion "1"]
[SourceVersionDate "2000.11.22"]
[SourceQuality "1"]

1. e4 e6 2. d4 d5 3. e5 c5 4. c3 Nc6 5. Nf3 Qb6 6. a3 c4 7. Nbd2 Na5 8. g3 Bd7 9. Bh3 Nb3 10. Rb1 Ba4 11. Nxb3 Bxb3 12. Qe2 O-O-O 13. Ng5 Nh6 14. f4 Rd7 15. O-O g6 16. g4 Re7 17. Be3 Qc6 18. Rf2 Kb8 19. Rbf1 a6 20. f5 gxf5 21. gxf5 Nxf5 22. Bxf5 exf5 23. Rxf5 Rg8 24. Kh1 Qa4 25. Qh5 Bc2 26. Rxf7 Qe8 27. Qf3 Rxf7 28. Qxf7 Qxf7 29. Rxf7 h6 30. Nf3 Be4 31. h4 Be7 32. Kh2 Bxf3 33. Rxf3 Bxh4 34. Bxh6 Rg6 35. Bf8 Bd8 36. Bd6+ Kc8 37. Rg3 Rxg3 38. Kxg3 Kd7 39. Kf4 Ke6 40. a4 Bh4 41. Kg4 Bd8 42. Kh5 b5 43. axb5 axb5 44. Kg6 Bh4 45. Kg7 1/2-1/2

[Event "57..ITA Provinciale VE"]
[Site "Mestre"]
[Date "1997.11.29"]
[Round "2.2"]
[White "Cherin, Dario"]
[Black "Vianello, Enrico"]
[Result "0-1"]
[WhiteElo "1400"]
[BlackElo "1591"]
[Annotator "Gabriele Ballarin"]
[PlyCount "114"]
[EventDate "1997.11.28"]
[EventType "swiss"]
[EventRounds "5"]
[EventCountry "ITA"]

1. c4 Nf6 2. Nc3 d5 3. cxd5 Nxd5 4. d4 g6 5. e4 Nxc3 6. bxc3 Bg7 7. Nf3 c5 8. Bb5+ Bd7 9. Bxd7+ Qxd7 10. O-O O-O 11. Be3 cxd4 12. cxd4 Nc6 13. Qa4 Rfd8 14. Rad1 b6 15. Rc1 Nxd4 16. Qxd7 Rxd7 17. Nxd4 Bxd4 18. Bxd4 Rxd4 19. f3 Rd2 20. a4 Ra2 21. Ra1 Rb2 22. Rf2 Rxf2 23. Kxf2 Rc8 24. Ra2 e5 25. Ke3 Kf8 26. Kd3 Ke7 27. Rb2 Rc5 28. g3 Kd6 29. f4 Ra5 30. Rb4 exf4 31. gxf4 Rh5 32. e5+ Ke6 33. Rb2 Rh4 34. a5 bxa5 35. Ke3 f6 36. exf6 Kxf6 37. Rb7 Rh5 38. Ke4 Ke6 39. h4 Kd6 40. Rb2 Kc6 41. Rb8 Rxh4 42. Rc8+ Kb5 43. Rb8+ Kc4 44. Rb7 g5 45. Rxa7 Rxf4+ 46. Ke3 Rf5 47. Rxh7 a4 48. Rc7+ Kb4 49. Kd3 a3 50. Rc4+ Kb3 51. Rc3+ Kb2 52. Rc2+ Kb1 53. Rg2 a2 54. Rg1+ Kb2 55. Rg2+ Kb3 56. Rg1 Ra5 57. Ra1 Kb2 0-1

[Event "57..ITA Provinciale VE"]
[Site "Mestre"]
[Date "1997.11.29"]
[Round "2.3"]
[White "Ruaro, Luca"]
[Black "Cosma, Bruno"]
[Result "0-1"]
[WhiteElo "1600"]
[BlackElo "1701"]
[Annotator "Gabriele Ballarin"]
[PlyCount "92"]
[EventDate "1997.11.28"]
[EventType "swiss"]
[EventRounds "5"]
[EventCountry "ITA"]
[SourceTitle "EXT 2001"]
[Source "ChessBase"]
[SourceDate "2000.11.22"]
[SourceVersion "1"]
[SourceVersionDate "2000.11.22"]
[SourceQuality "1"]

1. Nf3 g6 2. c4 Bg7 3. Nc3 d6 4. d4 Nd7 5. Bf4 Ngf6 6. e3 O-O 7. Be2 a6 8. O-O Nh5 9. Bg5 Qe8 10. Nd2 Nhf6 11. Nde4 e5 12. Nxf6+ Nxf6 13. d5 Nd7 14. e4 f5 15. f3 h6 16. Be3 b6 17. b4 Kh7 18. a4 Qe7 19. a5 bxa5 20. Rxa5 h5 21. Qd2 f4 22. Bf2 Bh6 23. b5 g5 24. c5 g4 25. c6 Nf6 26. Bh4 Qg7 27. Rb1 gxf3 28. Bxf3 Ng4 29. b6 cxb6 30. Rxb6 Ne3 31. Qe2 Rg8 32. Rb2 Qc7 33. Raa2 Qa7 34. Nb5 Qc5 35. Kh1 Bg4 36. Bf2 axb5 37. Bxe3 fxe3 38. Bxg4 hxg4 39. g3 Raf8 40. Rc2 Qd4 41. Qxb5 Qxe4+ 42. Kg1 e2 43. Ra7+ Kh8 44. Rxe2 Be3+ 45. Rxe3 Qxe3+ 46. Kh1 Qxa7 0-1

[Event "57..ITA Provinciale VE"]
[Site "Mestre"]
[Date "1997.11.29"]
[Round "2.6"]
[White "Vastano, Ciro"]
[Black "Rocchi, Riccardo"]
[Result "1-0"]
[WhiteElo "1200"]
[BlackElo "1600"]
[Annotator "Gabriele Ballarin"]
[PlyCount "65"]
[EventDate "1997.11.28"]
[EventType "swiss"]
[EventRounds "5"]
[EventCountry "ITA"]
[SourceTitle "EXT 2001"]
[Source "ChessBase"]
[SourceDate "2000.11.22"]
[SourceVersion "1"]
[SourceVersionDate "2000.11.22"]
[SourceQuality "1"]

1. e4 d6 2. d4 g6 3. Nf3 Bg7 4. Bc4 Nf6 5. Qd3 O-O 6. Bg5 h6 7. Bh4 c6 8. c3 Qc7 9. O-O Nbd7 10. Nbd2 e5 11. h3 g5 12. Bg3 Nh5 13. Bh2 Nf4 14. Qe3 Kh8 15. g3 Nxh3+ 16. Kh1 Nf6 17. Ng1 Ng4 18. Qe2 Nhxf2+ 19. Rxf2 Nxf2+ 20. Qxf2 f5 21. Qe2 exd4 22. cxd4 Bxd4 23. Rb1 fxe4 24. Qxe4 Bxg1 25. Bxg1 Bf5 26. Qe1 Rae8 27. Qd1 d5 28. Bb3 Bxb1 29. Bd4+ Kg8 30. Qxb1 Rf7 31. Qg6+ Rg7 32. Qxe8+ Kh7 33. Bc2+ 1-0

[Event "57..ITA Provinciale VE"]
[Site "Mestre"]
[Date "1997.11.29"]
[Round "2.7"]
[White "Velluti, Alberto"]
[Black "Caprini, Giuliano"]
[Result "1-0"]
[WhiteElo "1400"]
[BlackElo "1200"]
[Annotator "Gabriele Ballarin"]
[PlyCount "87"]
[EventDate "1997.11.28"]
[EventType "swiss"]
[EventRounds "5"]
[EventCountry "ITA"]
[SourceTitle "EXT 2001"]
[Source "ChessBase"]
[SourceDate "2000.11.22"]
[SourceVersion "1"]
[SourceVersionDate "2000.11.22"]
[SourceQuality "1"]

1. d4 Nf6 2. c4 g6 3. Nf3 Bg7 4. Nc3 O-O 5. e4 d6 6. Bd3 c6 7. O-O e5 8. d5 c5 9. Bg5 Re8 10. Qd2 Nbd7 11. a4 a5 12. Nb5 Nb6 13. Bh6 Bh8 14. Rfe1 Bg4 15. Re3 Bd7 16. Nxd6 Re7 17. h3 Bxa4 18. Nb5 Bxb5 19. cxb5 a4 20. Qc3 Qd6 21. Bc2 Nh5 22. Bd1 Nf4 23. Ng5 c4 24. g3 Nd3 25. b3 Nxd5 26. exd5 e4 27. Qxc4 Bxa1 28. Nxe4 Rxe4 29. Qxe4 Qe5 30. Qxd3 Qd4 31. Qxd4 Bxd4 32. Re2 a3 33. Ra2 Bb2 34. d6 Rd8 35. Bf4 f6 36. g4 Kf7 37. b4 Ke6 38. Bb3+ Kd7 39. Bd5 Rc8 40. Bxb7 Rc4 41. Bc6+ Kc8 42. d7+ Kd8 43. Be3 Rxb4 44. Bb6+ 1-0

[Event "57..ITA Provinciale VE"]
[Site "Mestre"]
[Date "1997.11.29"]
[Round "3.2"]
[White "Cherin, Dario"]
[Black "Friselle, Mirko"]
[Result "0-1"]
[WhiteElo "1400"]
[BlackElo "1604"]
[Annotator "Gabriele Ballarin"]
[PlyCount "64"]
[EventDate "1997.11.28"]
[EventType "swiss"]
[EventRounds "5"]
[EventCountry "ITA"]
[SourceTitle "EXT 2001"]
[Source "ChessBase"]
[SourceDate "2000.11.22"]
[SourceVersion "1"]
[SourceVersionDate "2000.11.22"]
[SourceQuality "1"]

1. c4 c5 2. Nc3 g6 3. e4 Bg7 4. d3 Nc6 5. Nf3 d6 6. Be2 Nf6 7. O-O Bg4 8. h3 Bxf3 9. Bxf3 O-O 10. Be3 a6 11. Rb1 Rb8 12. a3 b5 13. cxb5 axb5 14. g3 Nd7 15. Be2 b4 16. axb4 Rxb4 17. Nd5 Rxb2 18. Rxb2 Bxb2 19. Bh6 Bg7 20. Bxg7 Kxg7 21. Qa1+ Kg8 22. Rb1 e6 23. Ne3 Nd4 24. Bd1 Qf6 25. Ng4 Qg5 26. h4 Qd2 27. Rb7 Ne5 28. Nxe5 dxe5 29. Bg4 Qxd3 30. Qb1 c4 31. Qxd3 cxd3 32. Rd7 h5 0-1

[Event "57..ITA Provinciale VE"]
[Site "Mestre"]
[Date "1997.11.29"]
[Round "3.4"]
[White "Liubich, Fabrizio"]
[Black "Velluti, Alberto"]
[Result "0-1"]
[WhiteElo "1600"]
[BlackElo "1400"]
[Annotator "Gabriele Ballarin"]
[PlyCount "94"]
[EventDate "1997.11.28"]
[EventType "swiss"]
[EventRounds "5"]
[EventCountry "ITA"]
[SourceTitle "EXT 2001"]
[Source "ChessBase"]
[SourceDate "2000.11.22"]
[SourceVersion "1"]
[SourceVersionDate "2000.11.22"]
[SourceQuality "1"]

1. d4 d5 2. c4 Nf6 3. Nc3 c6 4. Nf3 Nbd7 5. Bf4 dxc4 6. e4 Nb6 7. Be2 e6 8. O-O Bb4 9. Qc2 O-O 10. a3 Be7 11. Rad1 Ne8 12. Rd2 Nc7 13. a4 a5 14. b3 Na6 15. bxc4 Nb4 16. Qd1 f6 17. c5 Nd7 18. Bc4 Nb8 19. d5 cxd5 20. exd5 Bxc5 21. d6 Kh8 22. d7 e5 23. dxc8=Q Qxc8 24. Bg3 Bxf2+ 25. Bxf2 Qxc4 26. Nb5 N8c6 27. Bb6 Ra6 28. Nd6 Qe6 29. Bc5 b6 30. Bxb4 axb4 31. Nb5 Rc8 32. Rd6 Qc4 33. Qc1 Qc5+ 34. Qxc5 bxc5 35. Rc1 e4 36. Nd2 e3 37. Nf3 Rxa4 38. Kf1 b3 39. Rxc5 b2 40. Nc3 Ra1+ 41. Ke2 b1=Q 42. Nxb1 Rxb1 43. Rdxc6 Rb2+ 44. Kxe3 Re8+ 45. Kf4 Rxg2 46. Rc8 g5+ 47. Kf5 Rxc8 0-1